| 000 | 00875nac a22002291u 4500 | ||
|---|---|---|---|
| 010 | _a010335777 | ||
| 020 | _a0273673238 (pbk) | ||
| 082 |
_a658.848 _bDEB |
||
| 090 |
_c8979 _d8979 |
||
| 100 | _a769;n. | ||
| 245 |
_aInternational marketing : an SME perspective / _c769;n De Bu& _c769;rca, Richard Fletcher, Linden Brown. _cSea& |
||
| 260 |
_a Harlow : _bFinancial Times Prentice Hall, C.2004. _cC.2004. |
||
| 300 |
_a744 p. ; _b25cm. |
||
| 500 | _aDistributer: Baccah. | ||
| 504 | _aIncludes bibliographical references and index. | ||
| 511 | _aCatalogued By: Mahitab. | ||
| 650 | _aExport marketing. | ||
| 700 |
_aFletcher, Richard, 1940- _c1940- |
||
| 700 | _aBrown, Linden. | ||
| 942 |
_cBB _k658.848 DEB |
||
| 999 |
_c8979 _d8979 |
||